Basic questions in theology ; (Record no. 43357)
[ view plain ]
| 000 -LEADER | |
|---|---|
| fixed length control field | 00775cam a2200253 4500 |
| 001 - CONTROL NUMBER | |
| control field | 293595 |
| 005 - DATE AND TIME OF LATEST TRANSACTION | |
| control field | 20180918132227.0 |
| 008 - FIXED-LENGTH DATA ELEMENTS--GENERAL INFORMATION | |
| fixed length control field | 710222m19709999pau b 00000 eng |
| 010 ## - LIBRARY OF CONGRESS CONTROL NUMBER | |
| LC control number | 79123505 |
| 035 ## - SYSTEM CONTROL NUMBER | |
| System control number | (OCoLC)00121739 |
| 040 ## - CATALOGING SOURCE | |
| Original cataloging agency | DLC |
| Transcribing agency | DLC |
| Modifying agency | TXA |
| -- | UtOrBLW |
| 041 1# - LANGUAGE CODE | |
| Language code of text/sound track or separate title | eng |
| -- | ger |
| 100 1# - MAIN ENTRY--PERSONAL NAME | |
| Personal name | Pannenberg, Wolfhart, |
| Dates associated with a name | 1928-2014. |
| 245 10 - TITLE STATEMENT | |
| Title | Basic questions in theology ; |
| Remainder of title | collected essays / |
| Statement of responsibility, etc | Translated by George H. Kehm. |
| 260 ## - PUBLICATION, DISTRIBUTION, ETC. (IMPRINT) | |
| Place of publication, distribution, etc | Philadelphia : |
| Name of publisher, distributor, etc | Fortress Press, |
| Date of publication, distribution, etc | c1970. |
| 300 ## - PHYSICAL DESCRIPTION | |
| Extent | volumes ; |
| Dimensions | 23 cm. |
| 336 ## - CONTENT TYPE | |
| Content Type Term | text |
| 337 ## - MEDIA TYPE | |
| Media Type Term | unmediated |
| 338 ## - CARRIER TYPE | |
| Carrier Type Term | volume |
| 500 ## - GENERAL NOTE | |
| General note | Translation of Grundfragen systematischer Theologie. |
| 504 ## - BIBLIOGRAPHY, ETC. NOTE | |
| Bibliography, etc | Includes bibliographical references. |
| 650 #0 - SUBJECT ADDED ENTRY--TOPICAL TERM | |
| Topical term or geographic name as entry element | Theology, Doctrinal. |
| 942 ## - ADDED ENTRY ELEMENTS (KOHA) | |
| Source of classification or shelving scheme | Library of Congress Classification |
| Item type | Books |
| Withdrawn status | Lost status | Source of classification or shelving scheme | Damaged status | Not for loan | Home library | Current library | Shelving location | Date acquired | Source of acquisition | Inventory number | Total Checkouts | Full call number | Barcode | Date last seen | Price effective from | Koha item type |
|---|---|---|---|---|---|---|---|---|---|---|---|---|---|---|---|---|
| Library of Congress Classification | BSOP Library | BSOP Library | GC | 09/18/2018 | Donation by Drs. George and Anne Harper | 42942 | BT80 P19 1970 | 00053942 | 09/18/2018 | 09/18/2018 | Books |
